Hermenéutica, analogía y significado : (Registro nro. 61753)
[ vista simple ]
| 000 -LEADER | |
|---|---|
| fixed length control field | 00746nam a2200229 a 4500 |
| 001 - CONTROL NUMBER | |
| control field | 61753 |
| 005 - DATE AND TIME OF LATEST TRANSACTION | |
| control field | 20180714063515.0 |
| 008 - FIXED-LENGTH DATA ELEMENTS--GENERAL INFORMATION | |
| fixed length control field | 140415s1999 mx 000 0 spa d |
| 020 ## - INTERNATIONAL STANDARD BOOK NUMBER | |
| International Standard Book Number | 968-5196-00-1 |
| 041 ## - LANGUAGE CODE | |
| Language code of text/sound track or separate title | spa |
| 082 0# - DEWEY DECIMAL CLASSIFICATION NUMBER | |
| Classification number | 121.68 |
| Item number | BEU |
| 100 1# - MAIN ENTRY--PERSONAL NAME | |
| Personal name | Alcalá Campos, Raúl |
| Relator term | autor |
| 245 14 - TITLE STATEMENT | |
| Title | Hermenéutica, analogía y significado : |
| Remainder of title | discusión con Mauricio Beuchot / |
| Statement of responsibility, etc. | Raúl Alcalá Campos. |
| 264 #1 - PRODUCTION, PUBLICATION, DISTRIBUTION, MANUFACTURE, AND COPYRIGHT NOTICE | |
| Place of production, publication, distribution, manufacture | México : |
| Name of producer, publisher, distributor, manufacturer | Editorial Surge, |
| Date of production, publication, distribution, manufacture, or copyright notice | 1999. |
| 300 ## - PHYSICAL DESCRIPTION | |
| Extent | 87 páginas ; |
| Dimensions | 21 cm. |
| 336 ## - CONTENT TYPE | |
| Content type term | texto |
| Source | rdacontent |
| 337 ## - MEDIA TYPE | |
| Media type term | sin mediación |
| Source | rdamedia |
| 338 ## - CARRIER TYPE | |
| Carrier type term | volumen |
| Source | rdacarrier |
| 490 0# - SERIES STATEMENT | |
| Series statement | Colección Magnum Bonum ; |
| Volume/sequential designation | n. 1 |
| 650 04 - SUBJECT ADDED ENTRY--TOPICAL TERM | |
| Topical term or geographic name entry element | Filosofía |
| General subdivision | Hermenéutica |
| 600 14 - SUBJECT ADDED ENTRY--PERSONAL NAME | |
| Personal name | Beuchot, Mauricio, |
| Dates associated with a name | 1950- |
| Withdrawn status | Lost status | Source of classification or shelving scheme | Damaged status | Not for loan | Collection code | Home library | Current library | Shelving location | Date acquired | Source of acquisition | Inventory number | Total Checkouts | Full call number | Barcode | Date last seen | Price effective from | Koha item type |
|---|---|---|---|---|---|---|---|---|---|---|---|---|---|---|---|---|---|
| Dewey Decimal Classification | General | Biblioteca Karol Wojtyla | Biblioteca Karol Wojtyla | Sala general | 24/03/2015 | Compra | 151000000000000000060686 | 121.68 BEU 1999 | 92947 | 05/01/2026 | 24/03/2015 | Libro |